| 000 | 01824nam0a2200373 i 4500 | ||
|---|---|---|---|
| 001 | RU\NLR\BIBL_A\011315847 | ||
| 005 | 20241114182039.0 | ||
| 010 |
_a9785733913728 _9100 |
||
| 021 |
_aRU _b2016-98731 _96566 |
||
| 035 | _a(NLR Aleph) 011315847 | ||
| 090 |
_a11048213 _c11048213 |
||
| 100 | _a20170126d2016 k y0rusy50 ca | ||
| 101 | 0 | _arus | |
| 102 | _aRU | ||
| 105 | _aa z 001yy | ||
| 200 | 1 |
_aАдаптивное управление на базе интеллектуальных технологий _eмонография _fВ. М. Лохин, М. П. Романов, С. В. Манько, Н. Н. Карабутов _g[под ред. В. М. Лохина] _gМ-во образования и науки Рос. Федерации, Моск. технол. ун-т |
|
| 210 |
_aМосква _cМИРЭА _d2016 |
||
| 215 |
_a185 с. _cил. _d20 |
||
| 313 | _aАдаптивные системы управления робота | ||
| 320 | _aБиблиогр.: с. 180-185 (77 назв.) | ||
| 606 | 1 |
_aРоботы _xУправление _xАдаптивные системы _92195141 _3RU\NLR\AUTH\661319362 |
|
| 606 |
_aСАУ интеллектуальные _92155205 _3RU\NLR\AUTH\661297525 |
||
| 606 |
_aСАУ адаптивные _92162288 _3RU\NLR\AUTH\661301217 |
||
| 686 | 1 | _aЗ965.93 | |
| 686 | 1 | _aЗ973.230.2 | |
| 686 | 1 | _aЗ816.2 | |
| 701 | 1 |
_aЛохин _bВ. М. _gВалерий Михайлович |
|
| 701 | 1 |
_aРоманов _bМ. П. _cд-р техн. наук _f1954- _gМихаил Петрович _9135869 _3RU\NLR\AUTH\770135904 |
|
| 701 | 1 |
_aМанько _bС. В. _gСергей Викторович |
|
| 701 | 1 |
_aКарабутов _bН. Н. _gНиколай Николаевич |
|
| 942 | _cBOOK | ||
| 980 | _aNBR | ||